Score 0/16 Timer 02:00
1 Play Today
Scrambled Word Answer % Correct
DNBABAND
99.9%
USCMIMUSIC
97.1%
THELHAHEALTH
60.2%
OBLGOYIBIOLOGY
56.7%
YMCEHSIRTCHEMISTRY
56.4%
CHSPSIYPHYSICS
51.9%
ULCSACLUCALCULUS
51.9%
Common Theme:School Subjects
51.3%
Scrambled Word Answer % Correct
MOGETYERGEOMETRY
50.6%
RGGPEHOAYGEOGRAPHY
49.6%
IAHLCYSP UDNCETIOAPHYSICAL EDUCATION
48.5%
SOTHYRIHISTORY
48.5%
CSIOLA SIETUSDSOCIAL STUDIES
47.2%
PMOTEUCR CNESECICOMPUTER SCIENCE
46%
EGLARABALGEBRA
45.8%
IELRTETRAULITERATURE
32.7%
Remove Ads.
Support Sporcle.
Get the best of Sporcle when you Go Orange. This ad-free experience offers more features, more stats, and more fun while also helping to support Sporcle. Thank you for becoming a member.

You're not logged in!

Compare scores with friends on all Sporcle quizzes.
OR
Log In

Show Comments

Extras

Top Quizzes Today


Score Distribution

Your Account Isn't Verified!

In order to create a playlist on Sporcle, you need to verify the email address you used during registration. Go to your Sporcle Settings to finish the process.

Report this User

Report this user for behavior that violates our Community Guidelines.

Details: